[Event "American Cup Blitz 2026"]
[Site "Saint Louis USA"]
[Date "2026.03.02"]
[Round "5.18"]
[White "Quesada Perez, Yasser"]
[Black "Kuru, Atilla"]
[Result "1-0"]
[WhiteTitle "GM"]
[BlackTitle "IM"]
[WhiteElo "2562"]
[BlackElo "2450"]
[WhiteFideId "3509362"]
[BlackFideId "51607948"]
[EventDate "2026.03.02"]

1. e4 c5 2. c3 e6 3. d4 d5 4. exd5 exd5 5. Bb5+ Bd7 6. Bxd7+ Nxd7 7. Nf3 Ngf6 8.
O-O Be7 9. dxc5 Nxc5 10. Be3 O-O 11. Nbd2 Ng4 12. Bd4 Ne6 13. Nb3 Bd6 14. Re1
Re8 15. h3 Nh6 16. Be5 Bf8 17. Nbd4 Nc5 18. Bf4 Rxe1+ 19. Nxe1 Qf6 20. Be3 Re8
21. Nef3 a6 22. Qc2 b5 23. Rd1 Ne4 24. a4 bxa4 25. Qxa4 Rb8 26. Bc1 Bc5 27. Qa5
Nf5 28. Qc7 Bd6 29. Qa7 Rf8 30. Nxf5 Qxf5 31. Be3 Rb8 32. Qxa6 h6 33. Qa2 Rd8
34. Qa5 Rd7 35. Qb5 Rd8 36. Qa5 Rd7 37. c4 Qf6 38. c5 Bc7 39. Qb5 Rd8 40. Qb7
Qe7 41. Bf4 Qxc5 42. Qxc7 Qxf2+ 43. Kh1 Rf8 44. Kh2 Qxb2 45. Rxd5 Qb1 46. Qc1
Qb3 47. Rd4 Nf6 48. Be5 Qe6 49. Qc4 Qb6 1-0

[Event "American Cup Blitz 2026"]
[Site "Saint Louis USA"]
[Date "2026.03.02"]
[Round "5.19"]
[White "Sonis, Francesco"]
[Black "Bilych, Oleksii"]
[Result "1-0"]
[WhiteTitle "GM"]
[BlackTitle "IM"]
[WhiteElo "2561"]
[BlackElo "2450"]
[WhiteFideId "895733"]
[BlackFideId "14156504"]
[EventDate "2026.03.02"]

1. f4 d5 2. Nf3 Nf6 3. b3 e6 4. Bb2 Be7 5. g3 c5 6. Bg2 b5 7. O-O Bb7 8. e3 Nc6
9. Qe2 Qb6 10. a4 bxa4 11. Rxa4 a5 12. d3 Ba6 13. Nbd2 O-O 14. c4 Rfd8 15. Bc3
Nb4 16. Rfa1 Bb7 17. Ne5 Nd7 18. Bxb4 cxb4 19. d4 Nxe5 20. fxe5 Bc6 21. R4a2 Qb7
22. Bf3 f6 23. exf6 Bxf6 24. Kg2 Qc7 25. cxd5 exd5 26. Qd3 Be8 27. Qc2 Qxc2 28.
Rxc2 a4 29. Rc5 Bf7 30. bxa4 Re8 31. Kf2 Bg5 32. Nf1 b3 33. Rb5 Reb8 34. Rxd5 b2
35. Rb1 Rxa4 36. Rxg5 Ra1 37. Nd2 Ba2 38. Be4 Bxb1 39. Bxb1 Ra3 40. Ke2 Re8 41.
e4 Ra4 42. Rb5 Rxd4 43. Rxb2 Kf7 44. Ke3 Rd7 45. Nf3 Ree7 46. Ba2+ Kg6 47. Rb6+
Kh5 48. h3 g6 49. g4+ Kh6 50. e5 Ra7 51. Bb3 Ra1 52. e6 Kg7 53. g5 Rc1 54. h4
Rc3+ 55. Ke4 Ra7 56. Nd4 Kf8 57. Rb8+ Ke7 58. Rb6 Rac7 59. Bd5 Rc1 60. Nc6+ Kd6
61. Nd4+ Ke7 62. Nf3 R1c2 63. Rb8 Re2+ 64. Kd4 Ra7 65. Bc4 Rf2 66. Ke3 Rb2 67.
Rxb2 1-0

[Event "American Cup Blitz 2026"]
[Site "Saint Louis USA"]
[Date "2026.03.02"]
[Round "5.20"]
[White "Harsha, Bharathakoti"]
[Black "Kiolbasa, Oliwia"]
[Result "1-0"]
[WhiteTitle "GM"]
[BlackTitle "IM"]
[WhiteElo "2538"]
[BlackElo "2397"]
[WhiteFideId "5078776"]
[BlackFideId "1154613"]
[EventDate "2026.03.02"]

1. f4 Nh6 2. Nf3 d5 3. g3 g6 4. Bg2 Bg7 5. O-O c5 6. d3 d4 7. Qe1 Qc7 8. c3 Nc6
9. e4 dxe3 10. Bxe3 b6 11. Na3 Bb7 12. h3 O-O 13. g4 f6 14. d4 cxd4 15. Nb5 Qd7
16. Nbxd4 Nxd4 17. Bxd4 Nf7 18. Rd1 Rad8 19. Qe2 Qc7 20. f5 gxf5 21. gxf5 Kh8
22. Kh1 Nh6 23. Nh4 Bxg2+ 24. Qxg2 Rg8 25. Qf3 Bf8 26. Rg1 Qd6 27. Rde1 Rxg1+
28. Kxg1 Bg7 29. Kh1 Rg8 30. Rg1 Bf8 31. Rxg8+ Nxg8 32. Ng2 Bh6 33. Ne3 Bxe3 34.
Bxe3 e5 35. fxe6 Qxe6 36. b3 Kg7 37. c4 Ne7 38. c5 bxc5 39. Bxc5 Qe1+ 40. Kh2
Ng6 41. Bxa7 Qe5+ 42. Qg3 Qe2+ 43. Qf2 Qe5+ 44. Kg1 Nf4 45. Qe3 Qg5+ 46. Kf1
Qg2+ 47. Ke1 Qh1+ 48. Kd2 Qd5+ 49. Kc2 Qg2+ 50. Kb1 Qf1+ 51. Kb2 Qg2+ 52. Ka3
Qb7 53. Bc5 Nd5 54. Qg3+ Kf7 55. Qd6 Qa8+ 56. Kb2 Qb7 57. a4 Nc7 58. Qd7+ Kg6
59. Qg4+ Kf7 60. Qc4+ Kg7 61. a5 Na6 62. Qg4+ Kf7 63. Qc4+ Kg7 64. Bd4 Nb4 65.
Ka3 Na6 66. Bc3 Qe7+ 67. b4 Nc7 68. Kb3 Ne8 69. b5 Nd6 70. Qd5 Qc7 71. Qg5+ 1-0

[Event "American Cup Blitz 2026"]
[Site "Saint Louis USA"]
[Date "2026.03.02"]
[Round "5.21"]
[White "Raja, Harshit"]
[Black "Kantor, Gergely"]
[Result "1/2-1/2"]
[WhiteTitle "GM"]
[BlackTitle "GM"]
[WhiteElo "2472"]
[BlackElo "2515"]
[WhiteFideId "5089000"]
[BlackFideId "751499"]
[EventDate "2026.03.02"]

1. e4 e5 2. Nf3 Nc6 3. Bb5 a6 4. Ba4 Nf6 5. O-O Be7 6. d3 b5 7. Bb3 d6 8. a3 O-O
9. Nc3 Rb8 10. h3 Na5 11. Ba2 c5 12. Nd5 Be6 13. Nxf6+ Bxf6 14. Bxe6 fxe6 15. b4
Nc6 16. Be3 c4 17. Qe2 d5 18. Bc5 Be7 19. exd5 exd5 20. Nxe5 Nxe5 21. Qxe5 Bxc5
22. bxc5 Re8 23. Qd4 Re2 24. Rfe1 Rxc2 25. Re5 Qf6 26. Rae1 Rd8 27. dxc4 Rxc4
28. Qe3 h6 29. Re6 Qf5 30. c6 d4 31. Qg3 d3 32. c7 Rf8 33. Re7 Qf6 34. Qxd3
Qxf2+ 35. Kh1 Rxc7 36. Re8 Rf7 37. Qd5 Kh8 38. R8e2 Qf6 39. Re6 Qf5 40. Qxf5
Rxf5 41. Rxa6 Rf4 42. Kh2 b4 43. axb4 Rxb4 44. Rg6 Rbf4 45. Rg3 R4f6 46. Re4
R6f7 47. Rge3 Rf6 48. h4 R6f7 49. Kh3 Rf6 50. Kg4 Rg6+ 51. Kh3 Rgf6 52. g3 R6f7
53. Rb4 Rf6 54. Rb5 R6f7 55. Rbe5 Rf6 56. Kg4 Rg6+ 57. Kh3 Rgf6 58. g4 Rf3+ 59.
Kg2 Rxe3 60. Rxe3 Rf4 61. Kg3 Ra4 62. Kf3 Kh7 63. Kg3 Rb4 64. Kf3 Ra4 65. Kg3
Rb4 66. Kf3 1/2-1/2

[Event "American Cup Blitz 2026"]
[Site "Saint Louis USA"]
[Date "2026.03.02"]
[Round "5.22"]
[White "Lee, Alice"]
[Black "Tari, Aryan"]
[Result "0-1"]
[WhiteTitle "IM"]
[BlackTitle "GM"]
[WhiteElo "2399"]
[BlackElo "2642"]
[WhiteFideId "30941822"]
[BlackFideId "1510045"]
[EventDate "2026.03.02"]

1. Nf3 Nf6 2. c4 e6 3. e3 d5 4. b3 b6 5. Bb2 Bb7 6. Be2 Nbd7 7. Nc3 Bd6 8. Rc1
a6 9. O-O O-O 10. Re1 dxc4 11. Bxc4 b5 12. Bf1 c5 13. d4 Rc8 14. dxc5 Nxc5 15.
Qe2 Qe7 16. Red1 Rfd8 17. h3 h6 18. b4 Ncd7 19. a3 Nb6 20. Nd2 Be5 21. Na4 Bxb2
22. Nxb2 Nfd5 23. Nb3 Nc3 24. Rxd8+ Qxd8 25. Qe1 Nba4 26. Nxa4 Nxa4 27. Nc5 Nxc5
28. bxc5 Qd5 29. Qb4 Bc6 30. Qa5 Ra8 31. Rc2 Qd1 32. Rd2 Qc1 33. Rd8+ Rxd8 34.
Qxd8+ Kh7 35. Qd3+ f5 36. g4 Bd5 37. gxf5 Bc4 38. Qe4 Qxf1+ 39. Kh2 Qxf2+ 0-1

[Event "American Cup Blitz 2026"]
[Site "Saint Louis USA"]
[Date "2026.03.02"]
[Round "5.23"]
[White "Aryan, Chopra"]
[Black "Boros, Denes"]
[Result "0-1"]
[WhiteTitle "GM"]
[BlackTitle "GM"]
[WhiteElo "2631"]
[BlackElo "2371"]
[WhiteFideId "5084423"]
[BlackFideId "722340"]
[EventDate "2026.03.02"]

1. d4 Nf6 2. Bg5 Ne4 3. Bf4 d5 4. Nd2 Bf5 5. Ngf3 e6 6. e3 Bd6 7. Bg3 O-O 8. c4
Bb4 9. a3 Bxd2+ 10. Nxd2 Nxg3 11. hxg3 c6 12. Be2 Nd7 13. O-O a5 14. b4 axb4 15.
axb4 Qe7 16. Qb3 dxc4 17. Nxc4 e5 18. Qc3 exd4 19. Qxd4 Rxa1 20. Rxa1 Qxb4 21.
Nd6 Qxd4 22. exd4 Be6 23. Nxb7 Rb8 24. Ra7 Bd5 25. Bf3 Nb6 26. Na5 Rc8 27. Ra6
Bxf3 28. gxf3 Nd5 29. Rxc6 Ra8 30. Rc5 Nf6 31. Nc4 Rd8 32. Ne5 g6 33. Rc4 Nd5
34. Nc6 Rd7 35. f4 f6 36. Kg2 h5 37. Kf3 Kf7 38. Rc5 Nb6 39. Ke4 Na4 40. Rc2 Nb6
41. Rb2 Nc4 42. Rb4 Nd6+ 43. Kd3 Nf5 44. Rb7 Rxb7 45. Nd8+ Ke7 46. Nxb7 g5 47.
Ke4 h4 48. g4 Nxd4 49. Kxd4 0-1

[Event "American Cup Blitz 2026"]
[Site "Saint Louis USA"]
[Date "2026.03.02"]
[Round "5.24"]
[White "Li, Rachael"]
[Black "Stremavicius, Titas"]
[Result "0-1"]
[WhiteTitle "WIM"]
[BlackTitle "GM"]
[WhiteElo "2358"]
[BlackElo "2547"]
[WhiteFideId "30929849"]
[BlackFideId "12804444"]
[EventDate "2026.03.02"]

1. Nf3 d5 2. b3 Nf6 3. Bb2 e6 4. g3 b5 5. Bg2 Bb7 6. d3 Be7 7. Nbd2 O-O 8. O-O
Nbd7 9. Re1 a5 10. e4 a4 11. a3 axb3 12. cxb3 Nc5 13. Qc2 dxe4 14. dxe4 Qd3 15.
Qc1 Rfd8 16. Re3 Qd7 17. Qc3 Bf8 18. Rae1 Nd3 19. Rxd3 Qxd3 20. Qxc7 Qd7 21. Qf4
Be7 22. b4 Rac8 23. Nf1 Rc2 24. Bd4 Ra2 25. Bb6 Rc8 26. Ne5 Qe8 27. Qe3 Nd7 28.
Bd4 Nxe5 29. Bxe5 Rcc2 30. Rc1 Rxf2 31. Bh1 f6 32. Bd4 Qh5 33. Qxf2 Rxf2 34.
Bxf2 Bd8 35. Rc5 Qe8 36. Rc2 Qe7 37. Ne3 Bb6 38. Bf3 Qd7 39. Ng4 Bxf2+ 40. Nxf2
g5 41. Kg2 Kg7 42. Rc5 h6 43. h3 f5 44. exf5 Bxf3+ 45. Kxf3 exf5 46. Kg2 Kf6 47.
Rc3 Qb7+ 48. Kg1 Qd5 49. Rc5 Qf3 50. Rxb5 Qxg3+ 51. Kf1 Qxa3 52. Rb6+ Kg7 53.
Kg2 Qa8+ 54. Kg1 Qf3 55. b5 g4 56. hxg4 fxg4 57. Rc6 h5 58. Rc7+ Kg6 59. b6 Qf4
60. Rc6+ Kg5 61. b7 Qb4 62. Rc5+ Kh4 63. Rc7 Qb6 64. Rc2 0-1

[Event "American Cup Blitz 2026"]
[Site "Saint Louis USA"]
[Date "2026.03.02"]
[Round "5.25"]
[White "Budisavljevic, Luka"]
[Black "Atwell, Rose"]
[Result "1-0"]
[WhiteTitle "GM"]
[BlackTitle "FM"]
[WhiteElo "2501"]
[BlackElo "2337"]
[WhiteFideId "960047"]
[BlackFideId "30951011"]
[EventDate "2026.03.02"]

1. d4 d5 2. Nf3 Nf6 3. e3 e6 4. Bd3 c5 5. b3 Nbd7 6. O-O Be7 7. Bb2 O-O 8. c4 b6
9. cxd5 exd5 10. Nc3 Bb7 11. Rc1 Rc8 12. Ne5 Nxe5 13. dxe5 Nd7 14. f4 Re8 15.
Rf3 Nf8 16. Rh3 h6 17. Bf5 Rb8 18. Ne2 Bc8 19. Ng3 b5 20. Qg4 Rb6 21. Bxc8 Qxc8
22. Nf5 Ng6 23. Rxh6 d4 24. exd4 c4 25. Rxg6 Rxg6 26. Nxe7+ 1-0

[Event "American Cup Blitz 2026"]
[Site "Saint Louis USA"]
[Date "2026.03.02"]
[Round "5.26"]
[White "Boyer, Mahel"]
[Black "Tang, Zoey"]
[Result "1-0"]
[WhiteTitle "GM"]
[BlackTitle "FM"]
[WhiteElo "2486"]
[BlackElo "2356"]
[WhiteFideId "45102422"]
[BlackFideId "30952530"]
[EventDate "2026.03.02"]

1. e4 e5 2. Nf3 Nc6 3. Nc3 Nf6 4. Nd5 Bc5 5. c3 O-O 6. d3 Nxd5 7. exd5 Ne7 8.
Nxe5 Nxd5 9. d4 Bb6 10. Bd3 d6 11. Nc4 Re8+ 12. Ne3 Nf4 13. O-O Nxd3 14. Qxd3
Bd7 15. a4 a5 16. Nc4 d5 17. Nxb6 cxb6 18. Bf4 Qf6 19. Qg3 b5 20. axb5 Bxb5 21.
Rfe1 a4 22. h4 Qg6 23. Qf3 Re4 24. Rxe4 Qxe4 25. Qxe4 dxe4 26. d5 f5 27. d6 Kf7
28. Rd1 Bd7 29. Rd4 a3 30. bxa3 Rxa3 31. Rc4 Ke6 32. Rc7 b5 33. c4 bxc4 34. Rxc4
g6 35. Rb4 Ra1+ 36. Kh2 Ra2 37. Kg3 Ra3+ 38. Kh2 Ra2 39. Bg3 e3 40. fxe3 Bc6 41.
Bf4 Rxg2+ 42. Kh3 Rc2 43. Rb8 h5 44. Rg8 Kf7 45. Rd8 Ke6 46. Rb8 Rg2 47. Rg8 Rg4
48. Rg7 Bg2+ 49. Kh2 Bc6 50. Re7+ Kd5 51. d7 Rxh4+ 52. Kg3 Rg4+ 53. Kf2 Bxd7 54.
Rxd7+ Ke6 55. Rd6+ Ke7 56. Ra6 g5 57. Be5 h4 58. Kf3 Rg1 59. Kf2 Rg4 60. Rh6 Kf7
61. Kf3 Rg1 62. Kf2 Rg4 63. Rf6+ Ke7 64. Rc6 Ra4 65. Bf6+ Kd7 66. Rb6 Ra2+ 67.
Kg1 h3 68. Kh1 g4 69. Be5 Re2 70. Bf4 Re1+ 71. Kh2 Re2+ 72. Kg1 Ke7 73. Kf1 Ra2
74. Be5 h2 75. Rh6 Ra1+ 76. Bxa1 1-0

[Event "American Cup Blitz 2026"]
[Site "Saint Louis USA"]
[Date "2026.03.02"]
[Round "5.27"]
[White "Pyrih, Roman"]
[Black "Bilovil, Bogdan"]
[Result "1-0"]
[WhiteTitle "IM"]
[BlackTitle "IM"]
[WhiteElo "2403"]
[BlackElo "2446"]
[WhiteFideId "14179156"]
[BlackFideId "14168766"]
[EventDate "2026.03.02"]

1. Nf3 d5 2. e3 c5 3. b3 Nc6 4. Bb5 Bd7 5. Bb2 e6 6. O-O Nf6 7. c4 a6 8. Bxc6
Bxc6 9. Ne5 Rc8 10. Nxc6 Rxc6 11. cxd5 Qxd5 12. Nc3 Qd7 13. Ne2 Be7 14. d4 O-O
15. Rc1 cxd4 16. Rxc6 Qxc6 17. Nxd4 Qc7 18. Qe2 Rc8 19. h3 h6 20. Rc1 Qd7 21.
Rd1 Qc7 22. Qf3 Nd5 23. Qg4 Nf6 24. Nxe6 fxe6 25. Qxe6+ Kh8 26. Rc1 Qxc1+ 27.
Bxc1 Rxc1+ 28. Kh2 Rc7 29. e4 Bc5 30. f4 b6 31. e5 Ng8 32. f5 Re7 33. Qd5 Re8
34. b4 Bxb4 35. f6 gxf6 36. exf6 Nxf6 37. Qd4 Be7 38. Qxb6 Kg7 39. Qxa6 Rd8 40.
Qa7 Rd7 41. Qa4 Bd6+ 42. Kg1 Bg3 43. Qb3 Be5 44. a4 h5 45. a5 h4 46. a6 Bg3 47.
Qb1 Re7 48. Qa1 Ra7 49. Kf1 Kg6 50. Qa5 Re7 51. a7 Rxa7 52. Qxa7 Kf5 53. Qa5+
Ke4 54. Qb4+ Kf5 55. Qc5+ Ke4 56. Qc4+ Kf5 57. Qc2+ Ke5 58. Ke2 Ne4 59. Kf3 Ng5+
60. Kg4 Ne4 61. Qb2+ Kd5 62. Qb7+ Kd4 63. Qb4+ Kd5 64. Qa5+ Kd4 65. Qa4+ Kd5 66.
Qb3+ Kd4 67. Qb2+ Kd5 68. Kf5 Nd6+ 69. Kg6 Ne4 70. Qb3+ Kd4 71. Qb4+ Kd5 72. Qa4
Nd6 73. Qc2 Ne4 74. Qd3+ Ke5 75. Qd7 Kf4 76. Qd5 Ke3 77. Kf5 Nd6+ 78. Kg4 Ne4
79. Qe6 Kd4 80. Qe7 Kd5 81. Kf3 Nd6 82. Qe2 Nc4 83. Qd3+ Kc5 84. Qc3 Kd5 85. Qb3
Kd4 86. Qd1+ Kc5 87. Ke2 Nd6 88. Kd3 Kd5 89. Qh5+ Ke6 90. Qc5 Nf5 91. Qa5 Nd6
92. Qb6 Kd5 93. Qd4+ Ke6 94. Qc5 Nf5 95. Qc4+ Ke5 96. Qe4+ Kf6 97. Qe2 Nd6 98.
Kd4 Nf5+ 99. Kd5 Ne7+ 100. Ke4 Ke6 101. Qa6+ Kd7 102. Qf6 Nc6 103. Kf5 Ne7+ 104.
Kg5 Nd5 105. Qa6 Nc7 106. Qg6 Nd5 107. Qh7+ Ke6 108. Qe4+ Kd6 109. Qd4 Ke6 110.
Qc5 Ke5 111. Qc4 Ke6 112. Qd4 Kd6 113. Kf5 Kc6 114. Ke4 Nc7 115. Qf6+ Kb5 116.
Kd4 Ka5 117. Qc6 Nb5+ 118. Kc5 Bf2+ 119. Kc4 Na3+ 120. Kd3 Nb5 121. Qd5 Kb6 122.
Qe6+ Ka5 123. Qf5 1-0

[Event "American Cup Blitz 2026"]
[Site "Saint Louis USA"]
[Date "2026.03.02"]
[Round "5.28"]
[White "Heimann, Mark"]
[Black "Sukandar, Irine Kharisma"]
[Result "1-0"]
[WhiteTitle "GM"]
[BlackTitle "IM"]
[WhiteElo "2511"]
[BlackElo "2330"]
[WhiteFideId "2028441"]
[BlackFideId "7101937"]
[EventDate "2026.03.02"]

1. d4 Nf6 2. c4 e6 3. Nc3 d5 4. Nf3 Be7 5. Bf4 O-O 6. e3 b6 7. Bd3 Bb7 8. cxd5
exd5 9. O-O c5 10. Ne5 Nbd7 11. dxc5 Nxc5 12. Be2 Ne6 13. Bg3 d4 14. exd4 Nxd4
15. Bc4 Rc8 16. Qd3 Ne6 17. Bxe6 fxe6 18. Rad1 Qxd3 19. Nxd3 Nd5 20. Ne4 Rc2 21.
Rc1 Rfc8 22. Rxc2 Rxc2 23. Rc1 Rxc1+ 24. Nxc1 Nb4 25. Bd6 Bxe4 26. Bxe7 Nc6 27.
Bd6 Nd4 28. f3 Bd5 29. Be5 Nc6 30. Bc3 Kf7 31. Kf2 g6 32. b3 Ne7 33. Nd3 Nc6 34.
Nf4 g5 35. Nd3 Kg6 36. Ke3 h5 37. h3 Kf5 38. g4+ Kg6 39. Bd2 hxg4 40. hxg4 Kf6
41. Nf2 e5 42. Ne4+ Bxe4 43. Kxe4 Nd8 44. Kd5 Ne6 45. Bc3 Nf4+ 46. Ke4 Ng6 47.
a4 Ke6 48. Bd2 Nf4 49. b4 a6 50. b5 axb5 51. axb5 Nd5 52. Kd3 Nf4+ 53. Bxf4 exf4
54. Ke4 Kd6 55. Kf5 Kc5 56. Kxg5 Kxb5 57. Kxf4 Kc5 58. g5 b5 59. g6 b4 60. g7 b3
61. g8=Q 1-0

[Event "American Cup Blitz 2026"]
[Site "Saint Louis USA"]
[Date "2026.03.02"]
[Round "5.29"]
[White "Rorrer, Grayson"]
[Black "Apaar Saxena"]
[Result "1-0"]
[WhiteTitle "IM"]
[BlackTitle "FM"]
[WhiteElo "2415"]
[BlackElo "2263"]
[WhiteFideId "30944996"]
[BlackFideId "25937219"]
[EventDate "2026.03.02"]

1. d4 d5 2. Nf3 Nf6 3. e3 e6 4. Bd3 Be7 5. O-O O-O 6. b3 c5 7. Bb2 b6 8. Qe2 Nc6
9. a3 Bb7 10. Nbd2 Rc8 11. Ne5 Nxe5 12. dxe5 Ne4 13. Nf3 f5 14. exf6 Bxf6 15.
Ne5 Qc7 16. f4 a5 17. Rad1 a4 18. Bxe4 dxe4 19. Rd7 Qb8 20. Qg4 Rce8 21. Rxg7+
Bxg7 22. Nd7 Re7 23. Nxb8 Rxb8 24. Bxg7 Rxg7 25. Qxe6+ Kh8 26. Qxb6 Rbg8 27. g3
axb3 28. cxb3 h5 29. Qxc5 h4 30. Qh5+ Rh7 31. Qe5+ Rhg7 32. g4 h3 33. Rd1 Kh7
34. Qh5# 1-0

[Event "American Cup Blitz 2026"]
[Site "Saint Louis USA"]
[Date "2026.03.02"]
[Round "5.30"]
[White "Krush, Irina"]
[Black "Cervantes Landeiro, Thalia"]
[Result "1-0"]
[WhiteTitle "GM"]
[BlackTitle "FM"]
[WhiteElo "2402"]
[BlackElo "2247"]
[WhiteFideId "2012782"]
[BlackFideId "3520498"]
[EventDate "2026.03.02"]

1. d4 Nf6 2. c4 g6 3. Nc3 d5 4. cxd5 Nxd5 5. e4 Nxc3 6. bxc3 Bg7 7. Qa4+ Nd7 8.
Nf3 O-O 9. Be2 c5 10. O-O Nb6 11. Qb5 cxd4 12. cxd4 Bg4 13. Be3 Bxf3 14. Bxf3
Bxd4 15. Rad1 e5 16. Bxd4 exd4 17. Qb4 Rc8 18. Rxd4 Qg5 19. g3 Rfe8 20. Kg2 Qc5
21. a4 Qxb4 22. Rxb4 Re5 23. Ra1 Rc4 24. Rb3 Ra5 25. Rd1 Raxa4 26. Rd8+ Kg7 27.
e5 Rab4 28. Ra3 a6 29. Bxb7 Rc2 30. Bxa6 Rbb2 31. Rf3 Ra2 32. Bd3 Rd2 33. Rb8
Nd7 34. e6 Nxb8 35. e7 Re2 36. Bxe2 Rxe2 37. Re3 1-0

[Event "American Cup Blitz 2026"]
[Site "Saint Louis USA"]
[Date "2026.03.02"]
[Round "5.31"]
[White "Antova, Gabriela"]
[Black "Wang, Tianqi"]
[Result "0-1"]
[WhiteTitle "FM"]
[BlackTitle "IM"]
[WhiteElo "2168"]
[BlackElo "2331"]
[WhiteFideId "2915235"]
[BlackFideId "2063824"]
[EventDate "2026.03.02"]

1. Nf3 d5 2. g3 Nc6 3. d4 Bf5 4. Bg2 Nb4 5. Na3 e6 6. c3 Nc6 7. Qa4 Bxa3 8. Qxa3
Be4 9. O-O Nf6 10. Bg5 h6 11. Bxf6 Qxf6 12. Nd2 Bxg2 13. Kxg2 Qe7 14. Qxe7+ Nxe7
15. e4 dxe4 16. Nxe4 b6 17. a4 a5 18. Nd2 O-O-O 19. Nc4 Nc6 20. Rfe1 Rd5 21. h4
g5 22. hxg5 hxg5 23. Rh1 Rdd8 24. Kf3 f6 25. Rae1 Kd7 26. g4 Ne7 27. Nd2 Nd5 28.
Ne4 Ke7 29. Nd2 Nf4 30. Nc4 Kf7 31. Kg3 Kg6 32. Kf3 Rxh1 33. Rxh1 c5 34. Rd1 Rh8
35. Ke3 Nd5+ 36. Kd3 Rh3+ 37. Kc2 cxd4 38. Rxd4 Rh2 39. Rd2 Rg2 40. f3 Rg3 41.
Rf2 f5 42. gxf5+ Kxf5 43. Nd6+ Kf4 44. Ne4 Rg1 45. Kd3 Ke5 46. Re2 Nf4+ 47. Ke3
Nxe2 48. Kxe2 Rb1 49. Kd3 Kf4 50. Nd2 Rxb2 51. Nc4 Rb1 52. Kc2 Re1 53. Nxb6 Kxf3
54. Nc4 g4 0-1

[Event "American Cup Blitz 2026"]
[Site "Saint Louis USA"]
[Date "2026.03.02"]
[Round "5.32"]
[White "Zatonskih, Anna"]
[Black "Abrahamyan, Tatev"]
[Result "1/2-1/2"]
[WhiteTitle "IM"]
[BlackTitle "IM"]
[WhiteElo "2328"]
[BlackElo "2379"]
[WhiteFideId "14101572"]
[BlackFideId "13301918"]
[EventDate "2026.03.02"]

1. e4 e6 2. d4 d5 3. Nd2 c5 4. exd5 Qxd5 5. Ngf3 cxd4 6. Bc4 Qd6 7. O-O Nf6 8.
Nb3 Nc6 9. Nbxd4 Nxd4 10. Qxd4 Qxd4 11. Nxd4 Bd7 12. Be2 O-O-O 13. Bf4 Bc5 14.
Nb3 Bb6 15. Bf3 Ba4 16. Rfd1 Nd5 17. Bxd5 exd5 18. c3 Rhe8 19. Rd2 Re4 20. Bg3
Rde8 21. h3 h5 22. h4 g5 23. hxg5 h4 24. Bd6 Bxb3 25. axb3 Re2 26. Rad1 Bxf2+
27. Kf1 Rxd2 28. Rxd2 Be3 29. Rxd5 Bc1 30. Be5 Bxb2 31. Rc5+ Kd7 32. Rc7+ Ke6
33. Bd4 Rg8 34. Rxb7 Rxg5 35. Rxa7 Rf5+ 36. Ke2 Rg5 37. Ra6+ Kd7 38. Kf2 Rf5+
39. Ke3 Rg5 40. Kf2 Rf5+ 41. Kg1 Rb5 42. b4 Rb7 43. Rh6 Rc7 44. Rxh4 Bxc3 45.
Bxc3 Rxc3 46. Rf4 Ke6 47. Re4+ Kf5 48. Rd4 Rb3 49. Kh2 Ke5 50. Rc4 Kd5 51. Rf4
Ke5 52. Rxf7 Rxb4 53. Kh3 Ke6 54. Rf3 Ke7 55. g4 Rb8 56. Kh4 Rh8+ 57. Kg5 Rg8+
58. Kh5 Rh8+ 59. Kg5 Rg8+ 60. Kh4 Rh8+ 61. Kg3 Rg8 62. Rf4 Ke6 63. Kh4 Ke5 64.
Rf5+ Ke6 65. Rf4 Ke5 66. Rf2 Rh8+ 67. Kg3 Rg8 68. Rf5+ Ke6 69. Kf4 Ra8 70. Kg3
Rg8 71. Kh3 Rh8+ 72. Kg2 Rg8 73. Kg3 Ke7 74. g5 Rf8 75. Re5+ Kf7 76. Kg4 Kg7 77.
Re7+ Kg8 78. Kh5 Rb8 79. Kh6 Ra8 80. g6 Rb8 81. Rd7 Ra8 82. Rg7+ Kh8 83. Rh7+
Kg8 84. Re7 Rb8 85. Re6 Ra8 86. Kg5 Rb8 87. Kf6 Rf8+ 88. Kg5 Ra8 89. Kh6 Rb8 90.
Re7 Ra8 91. Kg5 Rb8 92. Kf6 Rb6+ 93. Re6 Rxe6+ 94. Kxe6 Kg7 95. Kf5 Kg8 96. Kf6
Kf8 97. Kg5 Kg7 98. Kh5 Kg8 99. Kh6 Kh8 100. g7+ Kg8 101. Kg6 1/2-1/2

[Event "American Cup Blitz 2026"]
[Site "Saint Louis USA"]
[Date "2026.03.02"]
[Round "5.33"]
[White "Gueci, Tea"]
[Black "Yu, Jennifer"]
[Result "0-1"]
[WhiteTitle "WIM"]
[BlackTitle "FM"]
[WhiteElo "2138"]
[BlackElo "2299"]
[WhiteFideId "872342"]
[BlackFideId "2078341"]
[EventDate "2026.03.02"]

1. e4 g6 2. d4 Bg7 3. Nc3 d6 4. Be3 a6 5. f3 b5 6. h4 h5 7. Qd2 Nd7 8. Nh3 Ngf6
9. Ng5 O-O 10. O-O-O e6 11. e5 Nd5 12. Nxd5 exd5 13. e6 Nb6 14. exf7+ Kh8 15. g4
Qf6 16. Bd3 Nc4 17. Bxc4 bxc4 18. c3 Be6 19. gxh5 gxh5 20. Rhg1 Bf5 21. Rdf1 Bg6
22. Nh3 Bd3 23. Rf2 Rxf7 24. Rg5 Bg6 25. Nf4 Bh7 26. Nxh5 Qe6 27. Rfg2 Bh6 0-1

[Event "American Cup Blitz 2026"]
[Site "Saint Louis USA"]
[Date "2026.03.02"]
[Round "6.1"]
[White "Caruana, Fabiano"]
[Black "So, Wesley"]
[Result "1/2-1/2"]
[WhiteTitle "GM"]
[BlackTitle "GM"]
[WhiteElo "2795"]
[BlackElo "2753"]
[WhiteFideId "2020009"]
[BlackFideId "5202213"]
[EventDate "2026.03.02"]

1. e4 e5 2. d3 Bc5 3. Nf3 d6 4. Nc3 a5 5. Be3 Bxe3 6. fxe3 Nf6 7. d4 Qe7 8. Bd3
O-O 9. O-O c6 10. a4 Na6 11. Bxa6 Rxa6 12. Qd3 Re8 13. Nd2 Bg4 14. Nc4 Bh5 15.
dxe5 dxe5 16. Nd6 Rd8 17. Nf5 Qf8 18. Qc4 Qb4 19. b3 Kf8 20. h3 Qxc4 21. bxc4
Rb6 22. g4 Bg6 23. Rad1 Rxd1 24. Rxd1 Bxf5 25. exf5 Ke7 26. g5 Nd7 27. Ne4 Rb4
28. Nd6 f6 29. g6 h5 30. Kf2 Nc5 31. Kf3 Rxa4 32. Nc8+ Ke8 33. Nd6+ Kf8 34. Nc8
Ke8 35. Nd6+ Ke7 1/2-1/2

[Event "American Cup Blitz 2026"]
[Site "Saint Louis USA"]
[Date "2026.03.02"]
[Round "6.2"]
[White "Mishra, Abhimanyu"]
[Black "Dominguez Perez, Leinier"]
[Result "0-1"]
[WhiteTitle "GM"]
[BlackTitle "GM"]
[WhiteElo "2629"]
[BlackElo "2738"]
[WhiteFideId "30920019"]
[BlackFideId "3503240"]
[EventDate "2026.03.02"]

1. e4 e5 2. Nf3 Nc6 3. Bc4 Bc5 4. c3 Nf6 5. d3 d6 6. O-O O-O 7. Re1 a5 8. Bg5 h6
9. Bh4 g5 10. Bg3 Ba7 11. Na3 g4 12. Bh4 Kg7 13. Nc2 gxf3 14. Qxf3 Be6 15. Qg3+
Kh7 16. Qf3 Kg7 17. Bd5 Bb6 18. Qg3+ Kh7 19. Qf3 Kg7 20. Ne3 Nb8 21. Nf5+ Bxf5
22. Qxf5 c6 23. g4 cxd5 24. g5 Rg8 25. gxf6+ Kf8+ 26. Kh1 Qd7 27. Qh5 Qg4 28.
Qxh6+ Ke8 29. Bg3 Qf3+ 30. Kg1 Qxf2+ 0-1

[Event "American Cup Blitz 2026"]
[Site "Saint Louis USA"]
[Date "2026.03.02"]
[Round "6.3"]
[White "Woodward, Andy"]
[Black "Pranav, V"]
[Result "1-0"]
[WhiteTitle "GM"]
[BlackTitle "GM"]
[WhiteElo "2608"]
[BlackElo "2641"]
[WhiteFideId "30953499"]
[BlackFideId "25060783"]
[EventDate "2026.03.02"]

1. d4 Nf6 2. Nf3 e6 3. Bf4 b5 4. e3 a6 5. c4 bxc4 6. Bxc4 Bb7 7. Nc3 Be7 8. d5
Bb4 9. O-O Bxc3 10. dxe6 fxe6 11. bxc3 O-O 12. Rb1 Bd5 13. Qe2 Nc6 14. Bd3 Be4
15. Bxe4 Nxe4 16. Qc4 Nf6 17. Rfd1 Qc8 18. Bg3 Ne7 19. h3 Nf5 20. Bh2 c6 21. Bd6
Nxd6 22. Rxd6 Ne8 23. Rd2 Rf5 24. e4 Rb5 25. Rbd1 Nf6 26. e5 Nd5 27. Qd4 Rb7 28.
c4 Ne7 29. Qh4 Qe8 30. Ng5 h6 31. Ne4 Nf5 32. Qg4 Kh8 33. Nc5 Rc7 1-0